000 00611nam a2200217 a 4500
001 59109
003 BD-RjUL
005 20211209080708.0
008 161221s1993 eye||||| |||| 00| 0 eng d
020 _a0852452497
035 _a(BD-RjUL)59233
040 _aBD-RjUL
_beng
_cBD-RjUL
041 _aeng
082 _223
_a261.873
_bBAP 1993
100 _aBailey, Sydney D
_9172559
245 1 0 _aPeace is a process /
_c Sydney D Bailey
260 _aSwarthmore lecture,
_c1993
300 _a188 p. :
_bill. ;
_c21 cm.
650 _aPeace
_vReligious aspects
_xSociety of Friends
_9175781
942 _2ddc
_cBK
999 _c59109
_d59109